| 000 | 00430nam a2200169Ia 4500 | ||
|---|---|---|---|
| 008 | 230524s9999 xx 000 0 und d | ||
| 020 | _a9789351103561 | ||
| 082 |
_a624.25 _bRAI |
||
| 100 |
_aV.K.Raina _941502 |
||
| 245 | 0 | _a"Concrete Bridge Practice Analysis,Design & Economics" | |
| 250 | _a4 | ||
| 260 |
_aNew Delhi _bSPD _c2014 |
||
| 300 | _a"xix,979p;" | ||
| 500 | _aQuantity Number: 1 | ||
| 650 | _aCivil | ||
| 942 | _cBK | ||
| 999 |
_c55768 _d55768 |
||